MARC

LEADER 00000nam0a2200000 4500
001 299882
005 20231102001239.0
020 |a RU  |b 82-77162 
035 |a (RuTPU)RU\TPU\book\325035 
090 |a 299882 
100 |a 20150703d1982 km y0rusy5003 ca 
101 0 |a rus 
102 |a RU 
105 |a a j 001zy 
200 1 |a Измерение параметров лазеров  |e учебное пособие  |f П. А. Иващенко, Ю. А. Калинин, Б. Н. Морозов 
210 |a Москва  |c Изд-во стандартов  |d 1982 
215 |a 167 с.  |c ил. 
320 |a Библиогр.: с. 164-165 
606 1 |a Лазерное излучение  |x Параметры  |x Измерение  |x Дозиметрия  |2 stltpush  |3 (RuTPU)RU\TPU\subj\39809  |9 59718 
610 1 |a теория 
610 1 |a энергетические параметры 
610 1 |a метрологическое обеспечение 
610 1 |a ослабления 
610 1 |a пространственные параметры 
610 1 |a импульсы 
610 1 |a длительность 
610 1 |a длина волны 
610 1 |a поляризация 
610 1 |a анализ 
610 1 |a обработка результатов 
610 1 |a учебные пособия 
675 |a 621.373.826.08(075.8)  |z rus  |v 3 
700 1 |a Иващенко  |b П. А.  |g Петр Антонович  |4 070 
701 1 |a Калинин  |b Ю. А. 
701 1 |a Морозов  |b Б. Н. 
801 0 |a RU  |b RuMRKP  |c 19950704  |g psbo 
801 1 |a RU  |b 63413507  |c 20150703 
801 2 |a RU  |b 63413507  |c 20190613  |g RCR 
942 |c BK